| 000 | 01795nam a2200217 a 4500 | ||
|---|---|---|---|
| 001 | 000000291 | ||
| 005 | 20251126130823.0 | ||
| 008 | 081127s1990 dr r 000 0 spa d | ||
| 040 |
_aDO-SdBNP _bspa _cBNPHU |
||
| 082 |
_a261.83 _bH557h |
||
| 100 | 1 |
_aHernández M, Edgar _9987 |
|
| 245 | 1 | 3 |
_aEl histórico Cristo sin rostro / _cEdgar Hernández M. |
| 260 |
_aSanto Domingo : _bAlfa & Omega, _c1990. |
||
| 300 |
_a112 p. ; _c20 cm. |
||
| 500 | _aEdición patrocinada por "Unión Cristiana de la Juventud" | ||
| 505 | 0 |
_tComentarios del autor -- _tComentario 1 -- _tComentario 2 -- _tComentario 3 -- _tComentario 4 -- _tComentario 5 -- _tComentario 6 -- _tComentario 7 -- _tComentario 8 -- _tEl histórico Cristo sin rostro -- _tExposiciones del poeta -- _tEn el balcón del antiguo convento (I) -- _tEl no-vidente (II) -- _tEl profesor Malaquías y el sacristán (III) -- _tEl padre Ferrís (IV) -- _tLa inquisición (V) -- _tAteo por "evolución" (VI) -- _tMachazo en la alameda (VII) -- _tEl general (VIII) -- _tEl viejo capitán de barco (IX) -- _tLumen dos mil (X) -- _tMi tío Felipe (XI) -- _tLa legendaria ciudad de Antigua (XII) -- _tEl lenguaje no-verbal (XIII) -- _tUlises y Marcos (XIV) -- _tUn encuentro de casa de Mario (XV) -- _tEl pobre caminante (XVI) -- _tEl domador de dragones (XVII) -- _tGuelo, el recluso (XVIII) -- _tEl solitario coleccionista (XIX) -- _tFrente a la estatua de la libertad, (XX) -- _tPunto de convergencia (XXI) -- _tEl partidario del fuego (XXII) -- _tDiálogo inolvidable (XXIII) -- _tA la puerta de la academia de historia (XXIV) -- _tEl sabio anciano (XXV) -- _tDatos biográficos. |
|
| 590 | _aInventariado, 2018/ YL | ||
| 650 | 4 |
_aIglesia católica y problemas sociales _zRepública Dominicana _9988 |
|
| 650 | 0 |
_aSocialismo cristiano _9989 |
|
| 910 | _aValidado. Control de calidad. MFF | ||
| 999 |
_c291 _d291 |
||